000
00312nam a22001337a 4500
008
181009b xxu||||| |||| 00| 0 eng d
020
_a
9780077316167
041
_a
eng
080
_2
14th
_a
334.7
100
_a
55
101
_a
MF
245
_a
Foundations of Financial Management
_c
Block,S.B
942
_2
udc
_c
BK
999
_c
49189
_d
49189